Strategy of drug design : (Record no. 92895)

MARC details
000 -LEADER
fixed length control field 00951nam a22002777a 4500
005 - DATE AND TIME OF LATEST TRANSACTION
control field 20150605105740.0
010 ## - LCCN (DPL NO)
LC control number ENG-112671
020 ## - INTERNATIONAL STANDARD BOOK NUMBER
International Standard Book Number 9788188449927
Terms of availability 395.00
020 ## - INTERNATIONAL STANDARD BOOK NUMBER
International Standard Book Number 978818844992x
Terms of availability 395.00
035 ## - SYSTEM CONTROL NUMBER
System control number EN-96203
037 ## - SOURCE OF ACQUISITION
Source of stock number/acquisition DBAD/PUB
082 ## - DEWEY DECIMAL CLASSIFICATION NUMBER
Classification number 615.1
100 ## - MAIN ENTRY--PERSONAL NAME
Personal name Purcell, William P.
245 00 - TITLE STATEMENT
Title Strategy of drug design :
Statement of responsibility, etc by William P. Purcell, George E. Bass [and] John M. Clayton
Remainder of title a guide to biological activity /
260 ## - PUBLICATION, DISTRIBUTION, ETC. (IMPRINT)
Place of publication, distribution, etc Hyderabad
Name of publisher, distributor, etc PharmaMed Press
Date of publication, distribution, etc 2010(repr.)
270 ## - ADDRESS
Address 4-4-316,Giriraj Lane, Sultan Bazar,
City Hyderabad
Postal code 500095
300 ## - PHYSICAL DESCRIPTION
Extent viii,194p.
Dimensions 24cm(pbk)
500 ## - GENERAL NOTE
General note Includes Indexes
650 ## - SUBJECT ADDED ENTRY--TOPICAL TERM
Topical term or geographic name as entry element Drugs
General subdivision Structure-activity relationships
-- Mathematical models.
650 ## - SUBJECT ADDED ENTRY--TOPICAL TERM
Topical term or geographic name as entry element Biometry.
650 ## - SUBJECT ADDED ENTRY--TOPICAL TERM
Topical term or geographic name as entry element Models, Biologic.
650 ## - SUBJECT ADDED ENTRY--TOPICAL TERM
Topical term or geographic name as entry element Models, Chemical.
700 ## - ADDED ENTRY--PERSONAL NAME
Personal name Bass, George E.
700 ## - ADDED ENTRY--PERSONAL NAME
Personal name Clayton, John M.
942 ## - ADDED ENTRY ELEMENTS (KOHA)
Source of classification or shelving scheme Dewey Decimal Classification
Item type English Books
Call number suffix PUR
Classification part 615.1
Holdings
Withdrawn status Lost status Not for loan Collection code Home library Current library Date acquired Source of acquisition Cost, normal purchase price Full call number Barcode Copy number Cost, replacement price Koha item type
    Not For Loan Non-fiction D.B.Act.Division D.B.Act.Division 10/04/2015 DBAD/PUB 395.00 PUR EN-96203 1 395.00 English Books

© Delhi Public Library
Hit Counter
free hit counter